01014nam a2200169 a 4500008004100000050002400041110004700065245007900112260006200191300001900253650003300272995013400305995013400439999001700573952012700590952012700717140916s2013 ||||||||||||||||| || u aGOV.ZAM(058)ER/2013 aGovernment of the Republic of Zambia (GRZ)10aAnnual economic report 2013cby Government of the Republic of Zambia [GRZ] aLusaka:bGovernment of the Republic of Zambia (GRZ)c2013 axv, 68p.: ill. 0aECONOMIC DEVELOPMENT--ZAMBIA aSPECIAL COLLECTIONSe1613FCBU-MAIN LIBRARY (Kitwe)jGOV.ZAM(058)ER/2013BM2UAVAILABLEWSep 16, 2014yB1613ZZambiana Collection aSPECIAL COLLECTIONSe1612FCBU-MAIN LIBRARY (Kitwe)jGOV.ZAM(058)ER/2013AM1UAVAILABLEWSep 16, 2014yB1612ZZambiana Collection c84245d84245 00102lcc4070a001b001cZambiana Collectiond2024-01-25l0oGOV.ZAM(058)ER/2013BpB1613r2024-01-25w2024-01-25y023T1 00102lcc4070a001b001cZambiana Collectiond2024-01-25l0oGOV.ZAM(058)ER/2013ApB1612r2024-01-25w2024-01-25y023T2